Malaysian minerals yearbook 1998.
| Format: | Book |
|---|---|
| Published: |
Kuala Lumpur:
Geological Survey Department Malaysia,
1999.
|
| Subjects: |
| LEADER | 00438cam a2200145 7i4500 | ||
|---|---|---|---|
| 001 | 0000007921 | ||
| 005 | 20000725090000.0 | ||
| 022 | 0 | 0 | |a 13945076 |
| 090 | 0 | 0 | |a M 333.85 |b MAL |
| 245 | 0 | 0 | |a Malaysian minerals yearbook 1998. |
| 260 | 0 | 0 | |a Kuala Lumpur: |b Geological Survey Department Malaysia, |c 1999. |
| 300 | # | # | |a 99 p. |
| 650 | 0 | 0 | |a Minerals -- |x Yearbooks -- |z Malaysia |
| 651 | 0 | 0 | |a Malaysia |
| 999 | |a 0000011260 |b Book |c Malaysia |e Business Information Centre | ||